000 004760000a22001810004500
003 MACL
005 20160119165513.0
008 160119b xxu||||| |||| 00| 0 eng d
040 _aMACL
_cMACL
041 _aEnglish
082 _a005.3/WAR
100 _aWarner, Scott L
_933353
245 _aDelphi 2.0 By Example
260 _bPrentice Hall of India Private Ltd
_c1996
_aNew Delhi
350 _a195
650 _aComputer Programming
_920374
942 _cBK
_k005.13/WAR
_2ddc
999 _c31530
_d31530